Traité complet du cholera-morbus de l'Inde ou Rapport sur le cholera épidémique, tel qu'il s'est montré dans les territoires soumis à la présidence du Fort Saint-Georges ... / (Record no. 165002)

MARC details
000 -LEADER
campo de control de longitud fija 01025nam a2200217 i 4500
001 - NÚMERO DE CONTROL
campo de control 165002
003 - IDENTIFICADOR DE NÚMERO DE CONTROL
campo de control ES-MaACL
005 - FECHA Y HORA DE LA ÚLTIMA TRANSACCIÓN
campo de control 20250901032931.0
008 - DATOS DE LONGITUD FIJA--INFORMACIÓN GENERAL
campo de control de longitud fija 050809s1831 fr | |||||||| ||fre d
040 ## - FUENTE DE CATALOGACIÓN
Centro catalogador/agencia de origen CAM
Lengua de catalogación spa
Centro/agencia transcriptor CAM
100 1# - ENTRADA PRINCIPAL--NOMBRE DE PERSONA
Nombre de persona Scot, William.
9 (RLIN) 132599
245 10 - MENCIÓN DEL TÍTULO
Título Traité complet du cholera-morbus de l'Inde ou Rapport sur le cholera épidémique, tel qu'il s'est montré dans les territoires soumis à la présidence du Fort Saint-Georges ... /
Mención de responsabilidad, etc. par William Scot ; traduit de l'anglais par F.-P. Blin.
260 ## - PUBLICACIÓN, DISTRIBUCIÓN, ETC.
Lugar de publicación, distribución, etc. Nantes :
Nombre del editor, distribuidor, etc. [s.n.],
Fecha de publicación, distribución, etc. 1831 (
Fabricante Imp. de C. Merson)
300 ## - DESCRIPCIÓN FÍSICA
Extensión 252 p., [1] h. de lám. pleg. ;
Dimensiones 22 cm.
599 ## - NOTA A LAS ILUSTRACIONES
NOTA A LAS ILUSTRACIONES La h. de lám.: "Diagrame destiné a l'explication des rapports de l'influence lunaire sur le cholera", "Lithographie de Charpentier à Nantes"
650 #7 - PUNTO DE ACCESO ADICIONAL DE MATERIA--TÉRMINO DE MATERIA
Término de materia o nombre geográfico como elemento de entrada Cólera
Fuente del encabezamiento o término embne
9 (RLIN) 11143
700 1# - ENTRADA AGREGADA--NOMBRE PERSONAL
Nombre de persona Blin, F.P.
9 (RLIN) 126020
852 ## - LOCALIZACIÓN
Ubicación ES-MaACL
Número de control de estantería T-486-F-1
Nota libre -- Enc. hol., falto de la cub. original
-- -- Enc. en un vol. facticio
Holdings
Estatus retirado Estado de pérdida Estado de daño No para préstamo Colección Biblioteca de origen Biblioteca actual Ubicación en estantería Fecha de adquisición Total de préstamos Signatura topográfica completa Código de barras Visto por última vez Precio de reemplazo Tipo de ítem Koha
        Colección de folletos Biblioteca del Ateneo de Madrid Biblioteca del Ateneo de Madrid Depósito folletos 17/01/2008   T-486-F-1 1172972 23/02/2023 23/02/2023 Folleto